Statistics for The Who Song Titles in French

Click here to take the quiz!

General Stats

  • This quiz has been taken 33 times
  • The average score is 8 of 15

Answer Stats

HintAnswer% Correct
Ma générationMy Generation
100%
Bus magiqueMagic Bus
89%
Qui es-tuWho Are You
89%
Derrière des yeux bleusBehind Blue Eyes
67%
Je ne peux pas expliquerI Can't Explain
59%
Magicien de flipperPinball Wizard
52%
La reine de l'acideThe Acid Queen
52%
Je peux voir des kilomètresI Can See For Miles
48%
Vive le rockLong Live Rock
44%
Les enfants vont bienThe Kids Are Alright
44%
La chanson est finieThe Song Is Over
44%
Ne sera plus dupeWon't Get Fooled Again
30%
Appelez-moi éclairCall Me Lightning
26%
Le chercheurThe Seeker
26%
L'amour règne sur moiLove Reign O'er Me
19%

Score Distribution

Percentile by Number Answered

Percent of People with Each Score

Your Score History

You have not taken this quiz